|
|
|
|
| LEADER |
00000nam0a2200000 4500 |
| 001 |
287381 |
| 005 |
20231102000001.0 |
| 020 |
|
|
|a RU
|b 85-57140
|
| 035 |
|
|
|a (RuTPU)RU\TPU\book\311780
|
| 090 |
|
|
|a 287381
|
| 100 |
|
|
|a 20150316d1985 k y0rusy5003 ca
|
| 101 |
0 |
|
|a rus
|
| 102 |
|
|
|a UA
|
| 105 |
|
|
|a y z 101zy
|
| 200 |
1 |
|
|a Республиканский семинар по дискретной оптимизации
|e тезисы докладов, г. Ужгород, 28-30 мая 1985 г.
|f Академия наук Украинской ССР (АН УССР), Институт кибернетики (ИК)
|
| 210 |
|
|
|a Киев
|c Изд-во ИК АН УССР
|d 1985
|
| 215 |
|
|
|a 144 с.
|
| 320 |
|
|
|a Библиография в конце докладов
|
| 606 |
1 |
|
|a Оптимизация, теория
|2 stltpush
|3 (RuTPU)RU\TPU\subj\69558
|9 84360
|
| 610 |
1 |
|
|a оптимальные процессы
|
| 610 |
1 |
|
|a дискретная математика
|
| 610 |
1 |
|
|a дискретная оптимизация
|
| 610 |
1 |
|
|a целочисленное программирование
|
| 610 |
1 |
|
|a комбинаторная оптимизация
|
| 610 |
1 |
|
|a многокритериальность
|
| 610 |
1 |
|
|a решение задач
|
| 610 |
1 |
|
|a семинары
|
| 675 |
|
|
|a 519.85(063)
|z rus
|v 3
|
| 712 |
0 |
2 |
|a Академия наук Украинской ССР (АН УССР)
|b Институт кибернетики (ИК)
|c (Киев)
|c (1962-1991)
|2 stltpush
|3 (RuTPU)RU\TPU\col\11437
|
| 712 |
1 |
2 |
|a Республиканский семинар по дискретной оптимизации
|e Ужгород
|f 1985
|4 570
|
| 801 |
|
0 |
|a RU
|b RuMRKP
|c 19950704
|g psbo
|
| 801 |
|
1 |
|a RU
|b 63413507
|c 20150316
|
| 801 |
|
2 |
|a RU
|b 63413507
|c 20180201
|g RCR
|
| 942 |
|
|
|c BK
|